|
|
|
|
| LEADER |
00000nam0a2200000 4500 |
| 001 |
27822 |
| 005 |
20231101205823.0 |
| 010 |
|
|
|a 5850095888
|
| 035 |
|
|
|a (RuTPU)RU\TPU\book\28075
|
| 035 |
|
|
|a BOOK00028150
|
| 090 |
|
|
|a 27822
|
| 100 |
|
|
|a 20011209d1999 m y0rusy50 ca
|
| 101 |
0 |
|
|a rus
|
| 102 |
|
|
|a RU
|
| 105 |
|
|
|a y eg 000zy
|
| 200 |
1 |
|
|a Туристский терминологический словарь
|e справочно-методическое пособие
|f авт.- сост. И. В. Зорин, В. А. Квартальнов
|
| 210 |
|
|
|a Москва
|c Советский спорт
|d 1999
|
| 215 |
|
|
|a 663 с.
|
| 606 |
1 |
|
|a Туризм
|x Экономика
|2 stltpush
|3 (RuTPU)RU\TPU\subj\53770
|9 71935
|
| 610 |
1 |
|
|a экономика
|
| 610 |
1 |
|
|a туризм
|
| 610 |
1 |
|
|a туристская деятельность
|
| 610 |
1 |
|
|a словари
|
| 610 |
1 |
|
|a терминологические словари
|
| 686 |
|
|
|a У9(2)43я2
|v LBC/SL-A
|2 rubbk
|
| 702 |
|
1 |
|a Зорин
|b И. В.
|g Игорь Владимирович
|4 220
|
| 702 |
|
1 |
|a Квартальнов
|b В. А.
|g Валерий Александрович
|4 220
|
| 801 |
|
0 |
|a RU
|b 63413507
|c 20011209
|g PSBO
|
| 801 |
|
2 |
|a RU
|b 63413507
|c 20190815
|g PSBO
|
| 942 |
|
|
|c BK
|